Impulzné regulačné režimy tepelných agregátov (3)

Bibliographic Details
Main Authors: Rákoš, Jaroslav (Author), Lukáč, Ladislav (Author)
Format: Article
Language:Slovak

MARC

LEADER 00000nab a2200000uu 4500
001 vtls011433777
003 SK-MaSNL
005 20260303220757.0
008 230121|2001 xo |||||||||||||||||slo|
015 |a SNBRB 
035 |a (urnnbn)urn:nbn:sk:snk:ar-001fbv 
035 |a (uuid)fd43a758-ddef-43a0-909d-b9a1a658d01f 
035 |a urn:nbn:sk:snk-abc9rs 
040 |a SNKBUCL  |b slo  |c SNKBUCL  |e AACR2 
041 0 |a slo 
044 |a xo  |c SK 
100 1 |a Rákoš, Jaroslav  |4 aut  |9 8446 
245 1 0 |a Impulzné regulačné režimy tepelných agregátov (3)  |c Jaroslav Rákoš Ladislav Lukáč 
700 1 |a Lukáč, Ladislav  |4 aut  |9 10047 
773 0 |t AT&P journal : priemyselná automatizácia a informatika  |g Roč. 8, č. 10 (2001), s. 58-59 
954 |a odborná, vedecká literatúra pôvodná (slovenská)  |2 lita 
958 |a OND 
958 |a EUIPO 
958 |a article16 
999 |c 2228839  |d 2230769